Alle Bahnhöfe im Kanton St.Gallen - Statistiken

Allgemein
  • Dieses Quiz wurde 60 mal gespielt
  • Das Durchschnittsergebnis liegt bei 37 aus 68
Antwortstatistiken
Abkürzung Bahnhof % Korrekt
SG St. Gallen
98%
WIL Wil SG
98%
GSS Gossau SG
81%
UZW Uzwil
81%
SA Sargans
79%
FLA Flawil
76%
MELS Mels
76%
WIT Wittenbach
76%
ALT Altstätten SG
71%
RW Rapperswil SG
71%
RS Rorschach
71%
UZ Uznach
71%
WAL Walenstadt
71%
BRAG Bad Ragaz
69%
BU Buchs SG
69%
FMS Flums
69%
GOL Goldach
67%
JO Jona
67%
MOER Mörschwil
67%
SGHA St. Gallen Haggen
67%
SMG St. Margrethen
67%
SGF St. Gallen St. Fiden
62%
SGWI St. Gallen Winkeln
62%
WA Wattwil
62%
AUSG Au SG
60%
DG Degersheim
60%
SGBR St. Gallen Bruggen
60%
ZB Ziegelbrücke
60%
BNK Benken
57%
HEBG Heerbrugg
57%
LUET Lütisburg
57%
MUO Muolen
57%
SCME Schmerikon
57%
SEV Sevelen
57%
BAZ Bazenheid
55%
RCK Rheineck
55%
BUET Bütschwil
52%
LSG Lichtensteig
52%
REB Rebstein-Marbach
52%
BLU Blumenau
50%
MOG Mogelsberg
50%
RSHF Rorschach Hafen
50%
RSST Rorschach Stadt
50%
SCAE Schänis
50%
TRUE Trübbach
50%
UNT Unterterzen
50%
NL Nesslau-Neu St. Johann
48%
SAS Salez-Sennwald
48%
HAG Haag-Gams
45%
MG Murg
45%
STCH Steinach
45%
ARN Arnegg
43%
KRU Krummenau
43%
ORT Oberriet
43%
RTH Rüthi SG
43%
BRN Brunnadern-Neckertal
40%
DTF Dietfurt
40%
EK Ebnat-Kappel
40%
KAB Kaltbrunn
40%
MOLS Mols
40%
STA Staad
40%
ALG Algetshausen-Henau
29%
SCHZ Schwarzenbach SG
29%
WEI Weite
26%
RAEF Räfis-Burgerau
24%
KPT Kempraten
21%
TRUB Trübbach Nord
17%
HOT Horchental
12%
Keine übereinstimmenden Quizze gefunden
Verteilung der Resultate
Anzahl Personen mit jedem Resultat
Perzentil nach korrekt beantworteten Fragen
Ihre Resultats-Entwicklung
Sie haben dieses Quiz noch nicht gespielt